ريادة الإسلام في تفهم خصوصية عالم الأطفال و في تقرير و تطبيق حقوقهم الخاصة في الرعاية و التربية / (رقم التسجيلة. 68909)

تفاصيل مارك
000 -LEADER
fixed length control field 00824nam a22001937a 4500
005 - DATE AND TIME OF LATEST TRANSACTION
control field 20251108172035.0
008 - FIXED-LENGTH DATA ELEMENTS--GENERAL INFORMATION
fixed length control field 250721s1988 xx 000 0 ara d
082 14 - DEWEY DECIMAL CLASSIFICATION NUMBER
Classification number 370.1/عيس
100 1# - MAIN ENTRY--PERSONAL NAME
Personal name الجراجرة، عيسى حسن
245 10 - TITLE STATEMENT
Title ريادة الإسلام في تفهم خصوصية عالم الأطفال و في تقرير و تطبيق حقوقهم الخاصة في الرعاية و التربية /
264 1# - PRODUCTION, PUBLICATION, DISTRIBUTION, MANUFACTURE, AND COPYRIGHT NOTICE
Place of production, publication, distribution, manufacture عمان :
Name of producer, publisher, distributor, manufacturer المؤلف ، دار ابن رشد ، دار الكرمل،
Date of production, publication, distribution, manufacture, or copyright notice 1988.
300 ## - PHYSICAL DESCRIPTION
Extent 279ص
650 17 - SUBJECT ADDED ENTRY--TOPICAL TERM
Topical term or geographic name as entry element التربية الإسلامية
700 1# - ADDED ENTRY--PERSONAL NAME
Personal name جاد الحق، جاد الحق علي
Relator term تقديم
700 1# - ADDED ENTRY--PERSONAL NAME
Personal name الخياط، عبد العزيز
700 1# - ADDED ENTRY--PERSONAL NAME
Personal name الجراجرة، هناء بدر السلطي
Relator term مراجعة
942 ## - ADDED ENTRY ELEMENTS (KOHA)
Source of classification or shelving scheme Dewey Decimal Classification
Koha item type كتب
المقتنيات
حالة السحب حالة الفقدان مصدر التصنيف حالة التلف غير قابل للإعارة المكتبة الرئيسية المكتبة الحالية موقع الرف تاريخ التزويد الرقم المتسلسل Total Checkouts رقم الإستدعاء تاريخ آخر ظهور تاريخ الفاتورة نوع المادة (كوها)
    Dewey Decimal Classification Unchecked   مكتبة الاميرة بديعة مكتبة الاميرة بديعة الإعارة 06/07/2004 592   370.1/عيس 28/07/2025 06/07/2004 كتب
    Dewey Decimal Classification Unchecked   مكتبة الحسن العامة مكتبة الحسن العامة الإعارة 06/07/2004 4659   370.1/عيس 28/07/2025 06/07/2004 كتب
Implemented & Customized by: BBB with SCIT (Smart Chains for Information Technology)

Powered by Koha